[Event "Bucharest Grand Prix op"]
[Site "Bucharest"]
[Date "2024.03.24"]
[Round "8"]
[White "Bulau, Andrei Cristian"]
[Black "Jianu, Vlad Cristian"]
[Result "0-1"]
[WhiteElo "2142"]
[BlackElo "2491"]
[PlyCount "54"]
[EventDate "2024.03.23"]
[EventType "swiss (rapid)"]
[EventRounds "10"]
[EventCountry "ROU"]
[SourceTitle "CB13_2024"]
[SourceDate "2024.03.27"]
[SourceVersion "1"]
[SourceVersionDate "2024.03.27"]
[SourceQuality "1"]

1. d4 Nf6 2. c4 e6 3. Nc3 d5 4. cxd5 exd5 5. Bg5 Be7 6. e3 Nbd7 7. Bd3 c6 8. Nge2 h6 9. Bh4 Nh5 10. Bxe7 Qxe7 11. 0-0 0-0 12. Qc2 Re8 13. Rac1 Nb6 14. Na4 Nxa4 15. Qxa4 Bg4 16. Ng3 Nxg3 17. hxg3 h5 18. Qc2 Qg5 19. b4 Re6 20. b5 Rae8 21. bxc6 bxc6 22. Qa4 Rh6 23. Qxa7 h4 24. gxh4 Qxh4 25. f3 Qh2+ 26. Kf2 Bxf3 27. e4 Qxg2+ 0-1

[Event "Bucharest Grand Prix op"]
[Site "Bucharest"]
[Date "2024.03.24"]
[Round "10"]
[White "Magold, Filip"]
[Black "Jianu, Vlad Cristian"]
[Result "0-1"]
[WhiteElo "2403"]
[BlackElo "2491"]
[PlyCount "90"]
[EventDate "2024.03.23"]
[EventType "swiss (rapid)"]
[EventRounds "10"]
[EventCountry "ROU"]
[SourceTitle "CB13_2024"]
[SourceDate "2024.03.27"]
[SourceVersion "1"]
[SourceVersionDate "2024.03.27"]
[SourceQuality "1"]

1. c4 e6 2. Nf3 d5 3. g3 dxc4 4. Qa4+ Bd7 5. Qxc4 c5 6. Bg2 Bc6 7. 0-0 Nf6 8. Qc2 Be7 9. d3 0-0 10. Nc3 Nbd7 11. b3 Rc8 12. Bb2 a6 13. Rfd1 b5 14. a4 Qb6 15. axb5 axb5 16. Ne4 Nxe4 17. dxe4 Rfd8 18. h4 Qb7 19. Ne5 Nxe5 20. Bxe5 Bf8 21. Bf3 Be8 22. Bb2 Rxd1+ 23. Rxd1 c4 24. bxc4 bxc4 25. Rc1 h6 26. Qc3 Qb4 27. Qd4 c3 28. Qxb4 Bxb4 29. Bxc3 Bxc3 30. Kg2 g6 31. e3 Kg7 32. Be2 Rc5 33. Bd3 Kf6 34. Kf3 Bb4 35. Rb1 Ba5 36. Rb8 Bc6 37. Ke2 Rc3 38. h5 gxh5 39. Rh8 Kg7 40. Rc8 Rc1 41. Rb8 Ra1 42. Kf3 Ra2 43. Bc4 Rc2 44. Bd3 Rd2 45. Bc4 f5 0-1

[Event "Bucharest Grand Prix op"]
[Site "Bucharest"]
[Date "2024.03.23"]
[Round "2"]
[White "Ghita, Vlad Bogdan"]
[Black "Jianu, Vlad Cristian"]
[Result "0-1"]
[WhiteElo "1906"]
[BlackElo "2491"]
[PlyCount "78"]
[EventDate "2024.03.23"]
[EventType "swiss (rapid)"]
[EventRounds "10"]
[EventCountry "ROU"]
[SourceTitle "CB13_2024"]
[SourceDate "2024.03.27"]
[SourceVersion "1"]
[SourceVersionDate "2024.03.27"]
[SourceQuality "1"]

1. e4 c6 2. d4 d5 3. e5 c5 4. dxc5 e6 5. a3 Bxc5 6. b4 Be7 7. Qg4 g6 8. Nf3 a5 9. b5 h5 10. Qf4 Nh6 11. Bd3 Nd7 12. 0-0 Nc5 13. Nd4 Bd7 14. a4 Qc7 15. Re1 g5 16. Qg3 Rg8 17. Nd2 h4 18. Qe3 Rc8 19. N2b3 b6 20. Qe2 Nf5 21. Qh5 Nxd3 22. cxd3 Nxd4 23. Nxd4 Qc3 24. Be3 Qxd3 25. Nf3 Bd8 26. Nxg5 Qf5 27. f4 d4 28. Bd2 Rc2 29. Qd1 Qd3 30. Ne4 h3 31. g3 Be7 32. Qe2 Qb3 33. Qf2 Bc8 34. Qxd4 Bb7 35. Rab1 Qf3 36. Qf2 Bxe4 37. Qxf3 Bxf3 38. Kf2 Bg4 39. Ke3 Bc5+ 0-1

[Event "ITA-chT GpB 54th"]
[Site "Bacoli"]
[Date "2023.04.28"]
[Round "5"]
[White "Jianu, Vlad Cristian"]
[Black "Fier, Alexandr"]
[Result "1/2-1/2"]
[WhiteElo "2504"]
[BlackElo "2599"]
[PlyCount "51"]
[EventDate "2023.04.25"]
[EventType "team-tourn"]
[EventRounds "7"]
[EventCountry "ITA"]
[SourceTitle "CBM 213 Extra"]
[Source "ChessBase"]
[SourceDate "2023.05.31"]
[SourceVersion "1"]
[SourceVersionDate "2023.05.31"]
[SourceQuality "1"]
[WhiteTeam "Torino"]
[BlackTeam "Lazio Scacchi"]
[WhiteTeamCountry "ITA"]
[BlackTeamCountry "ITA"]

1. d4 Nf6 2. Nf3 d5 3. c4 e6 4. Nc3 c6 5. e3 Nbd7 6. Be2 Bd6 7. 0-0 0-0 8. b3 b6 9. Bb2 Bb7 10. Bd3 c5 11. cxd5 exd5 12. Rc1 Rc8 13. Ne2 Re8 14. Ng3 g6 15. Qe2 h5 16. Rfd1 Ng4 17. Ba6 Bxa6 18. Qxa6 Ndf6 19. dxc5 bxc5 20. Rc2 Bxg3 21. hxg3 Qb6 22. Qxb6 axb6 23. Nh2 Ne5 24. Nf3 Neg4 25. Nh2 Ne5 26. Nf3 1/2-1/2

[Event "ROM-ch"]
[Site "Sebes"]
[Date "2023.02.21"]
[Round "3"]
[White "Jianu, Vlad Cristian"]
[Black "Magold, Filip"]
[Result "1/2-1/2"]
[WhiteElo "2518"]
[BlackElo "2324"]
[PlyCount "30"]
[EventDate "2023.02.19"]
[EventType "swiss"]
[EventRounds "9"]
[EventCountry "ROU"]
[SourceTitle "CBM 212 Extra"]
[Source "ChessBase"]
[SourceDate "2023.03.31"]
[SourceVersion "1"]
[SourceVersionDate "2023.03.31"]
[SourceQuality "1"]

1. Nf3 d5 2. d4 Nf6 3. c4 dxc4 4. e3 e6 5. Bxc4 c5 6. 0-0 cxd4 7. exd4 Nc6 8. Nc3 Be7 9. Re1 0-0 10. a3 b6 11. Bf4 Bb7 12. Ba2 Rc8 13. Qd3 Re8 14. Rad1 Bf8 15. Bg5 Ne7 1/2-1/2

[Event "Titled Tuesday intern op 31st Jan Early"]
[Site "Chess.com INT"]
[Date "2023.01.31"]
[Round "2"]
[White "Jianu, Vlad Cristian"]
[Black "Hakobyan, Aram"]
[Result "0-1"]
[WhiteElo "2518"]
[BlackElo "2626"]
[PlyCount "64"]
[EventDate "2023.01.31"]
[EventType "swiss (blitz)"]
[EventRounds "11"]
[EventCountry "USA"]
[SourceTitle "CBM 212 Extra"]
[Source "ChessBase"]
[SourceDate "2023.03.31"]
[SourceVersion "1"]
[SourceVersionDate "2023.03.31"]
[SourceQuality "1"]

1. d4 Nf6 2. c4 g6 3. Nc3 Bg7 4. e4 d6 5. Nf3 0-0 6. Be2 Bg4 7. Be3 Nbd7 8. 0-0 e5 9. d5 Bxf3 10. Bxf3 a5 11. a3 h5 12. b4 Kh7 13. Qd2 Ng8 14. c5 Bh6 15. cxd6 cxd6 16. Nb5 Bxe3 17. Qxe3 Qe7 18. Rac1 axb4 19. axb4 Ngf6 20. Rc7 Rfb8 21. Qg5 Qd8 22. Rfc1 Ra6 23. g3 Kg7 24. h4 Rb6 25. Na7 Rxb4 26. Rc8 Rxc8 27. Nxc8 Nc5 28. Na7 Qb6 29. Nc8 Qc7 30. Na7 Qb8 31. Qd2 Rb3 32. Bd1 Qxa7 0-1

[Event "ROM-chT Rapid"]
[Site "Sebes"]
[Date "2022.12.03"]
[Round "2.2"]
[White "Jianu, Vlad Cristian"]
[Black "Cosma, Ioan"]
[Result "1-0"]
[WhiteElo "2518"]
[BlackElo "2368"]
[PlyCount "69"]
[EventDate "2022.12.03"]
[EventType "team-swiss (rapid)"]
[EventRounds "8"]
[EventCountry "ROU"]
[SourceTitle "CBM 211 Extra"]
[Source "ChessBase"]
[SourceDate "2023.01.31"]
[SourceVersion "1"]
[SourceVersionDate "2023.01.31"]
[SourceQuality "1"]
[WhiteTeam "Superbet ASE"]
[BlackTeam "Techirghiol Victoria"]
[WhiteTeamCountry "ROU"]
[BlackTeamCountry "ROU"]

1. d4 e6 2. c4 Bb4+ 3. Bd2 Bxd2+ 4. Qxd2 d5 5. e3 Nf6 6. Nc3 0-0 7. Nf3 Qe7 8. Rc1 Rd8 9. cxd5 exd5 10. Bd3 c6 11. Qc2 Re8 12. 0-0 Nbd7 13. Rb1 Ne4 14. b4 a6 15. a4 Ndf6 16. Ne5 Bf5 17. Ne2 Nd7 18. f3 Nxe5 19. dxe5 Qxe5 20. fxe4 Bxe4 21. Bxe4 Qxe4 22. Qxe4 Rxe4 23. Rf3 Rae8 24. Kf2 Rc4 25. Nd4 g6 26. Rb2 Re7 27. b5 axb5 28. axb5 c5 29. Ne2 b6 30. Rf4 d4 31. exd4 cxd4 32. Rd2 Rb4 33. Nxd4 Rd7 34. Ke3 Rd5 35. Rf6 1-0

[Event "ROM-chT Rapid"]
[Site "Sebes"]
[Date "2022.12.03"]
[Round "8.1"]
[White "Jianu, Vlad Cristian"]
[Black "Dragomirescu, Robin Alexandru"]
[Result "1-0"]
[WhiteElo "2518"]
[BlackElo "2337"]
[PlyCount "49"]
[EventDate "2022.12.03"]
[EventType "team-swiss (rapid)"]
[EventRounds "8"]
[EventCountry "ROU"]
[SourceTitle "CBM 211 Extra"]
[Source "ChessBase"]
[SourceDate "2023.01.31"]
[SourceVersion "1"]
[SourceVersionDate "2023.01.31"]
[SourceQuality "1"]
[WhiteTeam "Superbet ASE"]
[BlackTeam "Family Giroc"]
[WhiteTeamCountry "ROU"]
[BlackTeamCountry "ROU"]

1. d4 Nf6 2. Nf3 e6 3. g3 b6 4. Bg2 Bb7 5. 0-0 c5 6. dxc5 Bxc5 7. c4 d5 8. Ne5 Nbd7 9. Qa4 0-0 10. Nxd7 Qxd7 11. Qxd7 Nxd7 12. Nc3 Bb4 13. Bd2 Ne5 14. cxd5 Nc4 15. Rfd1 exd5 16. a3 Nxb2 17. axb4 Nxd1 18. Rxd1 Rac8 19. Nxd5 Rfe8 20. Nxb6 axb6 21. Bxb7 Rc7 22. Bf3 Rd8 23. Kf1 Rcd7 24. Ke1 Rd4 25. Bc6 1-0

[Event "Olympiad-44"]
[Site "Chennai"]
[Date "2022.08.02"]
[Round "5.4"]
[White "Jianu, Vlad Cristian"]
[Black "Narayanan, Sunilduth Lyna"]
[Result "1/2-1/2"]
[WhiteElo "2511"]
[BlackElo "2659"]
[PlyCount "63"]
[EventDate "2022.07.29"]
[EventType "team-swiss"]
[EventRounds "11"]
[EventCountry "IND"]
[SourceTitle "CBM 210"]
[Source "ChessBase"]
[SourceDate "2022.10.31"]
[SourceVersion "1"]
[SourceVersionDate "2022.10.31"]
[SourceQuality "1"]
[WhiteTeam "Romania"]
[BlackTeam "India"]
[WhiteTeamCountry "ROU"]
[BlackTeamCountry "IND"]

1. d4 Nf6 2. Nf3 d5 3. c4 e6 4. Nc3 Bb4 5. Bg5 h6 6. Bxf6 Qxf6 7. e3 0-0 8. Qb3 c5 9. cxd5 exd5 10. dxc5 Bxc3+ 11. Qxc3 Qxc3+ 12. bxc3 Nd7 13. Rd1 Nxc5 14. Rxd5 b6 15. Rd4 Be6 16. Bc4 Rac8 17. 0-0 Bxc4 18. Rxc4 b5 19. Rb4 a6 20. Nd4 Na4 21. c4 Rxc4 22. Rxc4 bxc4 23. Rb1 Rc8 24. Kf1 c3 25. Rb4 Nb2 26. Ne2 Nc4 27. Nxc3 Nxe3+ 28. fxe3 Rxc3 29. Ra4 Rxe3 30. Rxa6 h5 31. Kf2 Rc3 32. h4 1/2-1/2